Statystyki dla EGZAMIN ÓSMOKLASISTY - POTĘGI

Kliknij tutaj aby rozwiązać quiz!

Ogólne statystyki

  • Ten quiz został rozwiązany 336 razy
  • Średni wynik to 10 z 15

Statystyki odpowiedzi

LiczbaOdpowiedź% Poprawnych
5⁰1
100%
9
100%
9
100%
10²100
98%
36
98%
64
98%
64
98%
2⁴16
94%
27
93%
125
92%
8⁸÷8⁴8⁴
10%
(6²)²6⁴
9%
5²×5⁷5⁹
8%
14³÷7³
7%
9²×5²45²
7%

Rozkład punktacji

Percentyl według liczby udzielonych odpowiedzi

Procent ludzi z każdym wynikiem

Twoja historia wyników

Nie rozwiązałeś tego quizu